| 000 | 01381nam0a2200325 4500 | ||
|---|---|---|---|
| 001 | RU\NLR\BIBL_A\021970038 | ||
| 005 | 20230829172942.0 | ||
| 010 |
_a978-5-00212-235-6 _9500 |
||
| 021 |
_aRU _bКН-П-23-034605 _9КН-П-23-3426 |
||
| 035 | _a(NLR Aleph) 021970038 | ||
| 035 | _a(RuMoRGB)011813759 | ||
| 090 |
_a12357418 _c12357418 |
||
| 100 | _a20230628d2022 u y0rusy50 ca | ||
| 101 | 0 |
_arus _aeng |
|
| 102 | _aRU | ||
| 105 | _aa ej 000zy | ||
| 181 | 0 |
_ai3 _baxxe |
|
| 182 | 0 | _an | |
| 200 | 1 |
_aАнгло-русский словарь для начальной школы к УМК "Английский в фокусе" Spotlight _eпособие для учащихся начальной школы _fА. Р. Джаватханова |
|
| 203 |
_aТекст _bвизуальный _cнепосредственный |
||
| 210 |
_aМахачкала _cАЛЕФ _d2022 |
||
| 215 |
_a43 с. _cтабл. _d21 |
||
| 225 | 1 |
_aАнглийский язык _dEnglish language _zeng |
|
| 606 | 1 |
_aАнглийский язык _xСловари _xРусский язык _2nlr_sh2 _2nlr_sh1 _3RU\NLR\AUTH\6646831 |
|
| 686 | 3 | _aШ143.21-93рус21[1/4]сл | |
| 700 | 1 |
_aДжаватханова _bА. Р. _gАйсарат Раджабхановна |
|
| 942 | _cBOOK | ||
| 980 | _aNB | ||